1749 1029 1580 1938 1965 1415 1351 1019 1099 1728 1008 1968 1553 1661 1091 1643 1162 1035 1583 1211 1148 1438 1967 1032 1037 1439 1165 1860 1804 1121 1865 1736 1437 1770 1743 1568 1606 1391 1464 1640 1183 1546 1485 1067 1926 1184 1954 1818 1690 1411 1567 1324 1985 1747 1138 1949 1465 1671 1901 1239 1928 1616 1342 1272 1020 1466 1662 1761 1505 1095 1894 1966 1539 1308 1375 1266 1971 1185 1316 1345 1141 1925 1601 1450 1192 1750 1589 1444 1352 1568 1299 1029 1716 1582 1673 1368 1738 1617 1978 BCNSPRNW ULIB Ver.6.0+V

เปลี่ยนเป็นภาษาไทย

Change to English
 แสดงรายละเอียดบรรณานุกรม
  กลับหน้าหลัก

Brief Record : Get Marc (ISO 2709) : E-mail record : QR code < ปิดหน้าต่าง
LEADER : 00000nam 2200000uu 4500
001    13399127967
003     ULIB
008    020711s2563 th a 000 0 tha d
020    ^a9786169349747
050    ^aนว.^bร-ม
100    ^aรางนาก
245    ^aม่านมนตกานต์
250    ^aพิมพ์ครั้งที่ 1
260    ^aกรุงเทพฯ :^bปลายปากกา,^c2563
300    ^a254 หน้า;^b21 ซม.
650    ^aนวนิยาย
945    ^p308^l0^i008557
999    ^aประนอม เกษจรัล
รายการนี้ยังไม่มีแท็ก
คุณยังไม่ได้ล็อกอิน คุณสามารถมีกิจกรรมร่วมกับเว็บไซต์ได้ แต่ต้องล็อกอินก่อน ::
  ล็อกอิน

รายการสื่อสารสนเทศ

ลำดับที่ ประเภท เลขเรียก/บาร์โค้ด สถานที่ สถานะ
1. นวนิยาย
นวนิยาย
นว. ร-ม ฉ.1 
  Barcode: 008557
ห้องสมุดวิทยาเขตสวรรค์ประชารักษ์
►นวนิยาย
บนชั้น
  ขอยืม

รายการใกล้เคียง
    ชื่อเรื่อง [ม่านมนตกานต์]

    ผู้แต่ง [รางนาก]

    หัวเรื่อง [นวนิยาย]

BibComment


ยังไม่เคยถูกคอมเมนท์

คอมเมนท์ทรัพยากรรายการนี้
  คอมเมนท์: ม่านมนตกานต์


 Copyright 2026. Bcnsprnw @Library